00947nam a22002297a 450000500170000000800410001702000180005804000270007604100080010304400070011108200190011824501710013726001020030830000450041049000370045550400280049265000310052065000480055165000490059970000300064870000390067820150929102517.0110909s2009 ck ao gr 000 0 spa d a9789588343365 aCO-BoIAVH cCO-BoIAVH 0 aspa ack04a574.526bV722c10aCaracterización de la biodiversidad de la selva de Matavén / cHéctor Villarreal-Leal ... [et al.] ; compilación y selección de textos Marcela Santamaría. aBogotá : bInstituto de Investigación de Recursos Biológicos Alexander von Humbolt, c2009. a186 p. : bil., fot. ;c28 cm. e1 DVD.0 aColombia, diversa por naturaleza aIncluye bibliografía. 4aSelvaz Vichada (Colombia) 4aDiversidad biológicaz Vichada (Colombia) 4aConservación de la diversidad biológica.1 aVillareal Leal, Héctor.1 aSantamaría G., Marcela., ecomp.